000 00359nam a2200133Ia 4500
008 230411s9999 xx 000 0 und d
041 _aeng
082 _aX/294/PAT/B08635
100 _aPatel Kamlesh
_9179951
245 _aDesigning Destiny
260 _bSpiritual Hierarchy Publication Trust
_aChennai
_c2014
300 _a191p
999 _c158247
_d158247